<?xml version="1.0" encoding="UTF-8"?>
<record
    xmlns:xsi="http://www.w3.org/2001/XMLSchema-instance"
    xsi:schemaLocation="http://www.loc.gov/MARC21/slim http://www.loc.gov/standards/marcxml/schema/MARC21slim.xsd"
    xmlns="http://www.loc.gov/MARC21/slim">

  <leader>01112    a2200169   4500</leader>
  <controlfield tag="003">OSt</controlfield>
  <controlfield tag="005">20260213134605.0</controlfield>
  <controlfield tag="008">260213b        |||||||| |||| 00| 0 eng d</controlfield>
  <datafield tag="020" ind1=" " ind2=" ">
    <subfield code="a">9788131725337</subfield>
  </datafield>
  <datafield tag="100" ind1=" " ind2=" ">
    <subfield code="a">Miller M.</subfield>
    <subfield code="9">215786</subfield>
  </datafield>
  <datafield tag="245" ind1=" " ind2=" ">
    <subfield code="a">Cloud Computing</subfield>
  </datafield>
  <datafield tag="260" ind1=" " ind2=" ">
    <subfield code="b">Pearson</subfield>
    <subfield code="c">2008</subfield>
    <subfield code="a">Chennai</subfield>
  </datafield>
  <datafield tag="300" ind1=" " ind2=" ">
    <subfield code="a">312pp.</subfield>
  </datafield>
  <datafield tag="500" ind1=" " ind2=" ">
    <subfield code="a">Key Benefits:
Cost Savings: Eliminates capital expense of buying hardware and software.
Scalability &amp; Flexibility: Resources can be scaled up or down instantly to meet demand.
Speed: Vast amounts of computing resources can be provisioned in minutes.
Global Reach: Applications can be deployed in multiple regions around the world. </subfield>
  </datafield>
  <datafield tag="520" ind1=" " ind2=" ">
    <subfield code="a">Cloud computing is the on-demand delivery of IT resources&#x2014;including servers, storage, databases, and software&#x2014;over the internet with pay-as-you-go pricing. Instead of owning and maintaining physical data centers, users access technology services on an as-needed basis from providers like AWS, Microsoft Azure, and Google Cloud. It enables faster innovation, flexible resources, and economies of scale. </subfield>
  </datafield>
  <datafield tag="942" ind1=" " ind2=" ">
    <subfield code="c">BK</subfield>
    <subfield code="2">ddc</subfield>
  </datafield>
  <datafield tag="999" ind1=" " ind2=" ">
    <subfield code="c">369350</subfield>
    <subfield code="d">369350</subfield>
  </datafield>
  <datafield tag="952" ind1=" " ind2=" ">
    <subfield code="0">0</subfield>
    <subfield code="1">0</subfield>
    <subfield code="2">ddc</subfield>
    <subfield code="4">0</subfield>
    <subfield code="7">0</subfield>
    <subfield code="8">BCA Pune</subfield>
    <subfield code="a">001</subfield>
    <subfield code="b">001</subfield>
    <subfield code="d">2025-12-10</subfield>
    <subfield code="e">8</subfield>
    <subfield code="g">600.00</subfield>
    <subfield code="l">1</subfield>
    <subfield code="p">KBJP-BK-2918</subfield>
    <subfield code="r">2026-02-24 12:59:18</subfield>
    <subfield code="s">2026-02-24</subfield>
    <subfield code="v">800.00</subfield>
    <subfield code="w">2025-12-10</subfield>
    <subfield code="y">BK</subfield>
    <subfield code="z">2918</subfield>
  </datafield>
</record>
